Gobierno corporativo de las sociedades cotizadas en los Estados Unidos anl̀isis crt̕ico y retos pendientes /

Detalles Bibliográficos
Autor principal: Ortiz De La Torre, Iįgo Zavala
Formato: eBook
Lenguaje:español
Publicado: Madrid: Dykinson, 2017
Materias:
Acceso en línea:Acceso restringido

MARC

LEADER 00000nam a22000007a 4500
005 20180402212019.0
007 cr|||| ||||
008 180402s2011 es |||||s|||| 00||0 spa d
020 |a 978-84-9148-410-3 
035 |a 21306 
040 |a vLex 
090 |c 7633  |d 7633 
100 1 |a Ortiz De La Torre, Iįgo Zavala 
245 1 0 |a Gobierno corporativo de las sociedades cotizadas en los Estados Unidos  |h [Recurso electrn̤ico] :  |b anl̀isis crt̕ico y retos pendientes /  |c Iįgo Zavala Ortiz De La Torre 
256 |a Servicio en ln̕ea 
260 |a Madrid:  |b Dykinson,  |c 2017 
300 |a 1 recurso electrn̤ico 
500 |a En la presente publicacin̤, se trata de dar una visin̤, lo ms̀ completa posible, de cm̤o est ̀siendo abordado el gobierno corporativo de las sociedades cotizadas en los Estados Unidos. El motivo de haber elegido este pas̕ es que, indubitadamente, lidera el estudio de esta materia, fundamentalmente por las siguientes dos razones: la primera, por qu ̌las necesidades derivadas de la gestin̤, bajo su jurisdiccin̤, del mercado financiero ms̀ grande del planeta, han dado como resultado el desarrollo de un sistema de gobierno corporativo g̀il en su evolucin̤ y por lo tanto, permanentemente actualizado; y la segunda, por contar con la doctrina ms̀ relevante, con el mayor nm︢ero de publicaciones editadas, as ̕como con una legislacin̤ de casi cincuenta aǫs de antigüedad. Para ello, el autor, tras una breve introduccin̤ histr̤ica, realiza un repaso de los primeros textos que, al principio del siglo XX, sentaron las bases de lo que hoy en da̕ es el estudio de la referida materia. As ̕mismo, realiza un somero repaso al derecho de sociedades de la citada Repb︢lica (como marco legal dentro del cual se encuadra el estudio del gobierno corporativo de las sociedades); para seguidamente analizar y exponer, las principales respuestas prc̀ticas que, las 150 mayores sociedades cotizadas, han dado a los requerimientos que a estos efectos, han recibido de los dos grandes mercados de valores: el NYSE y el NASDAQ. Finalmente se realiza un anl̀isis de los actuales actores de este gobierno en los EE.UU –los grandes fondos de inversin̤–, para concluir como se han apropiado de una fundamentacin̤ ter̤ica pensada, inicialmente, para el pequeǫ y desvalido accionista que, nada tiene que ver, con aquellos gigantes financieros. Por ello, los resultados obtenidos, no siempre son los deseados. 
506 1 |a Disponible solo en los productos indicados  |d vLex Global  |d vLex Global (Academic Edition, excluding Law Schools)  |d vLex Global (U.S. Academic Edition, Law Schools)  |d vLex Global (U.S. Academic Edition, excluding Law Schools)  |d vLex Global (Academic Edition, Law Schools) 
650 0 4 |a Derecho Mercantil y de la Empresa  |z Espaą 
740 0 |a vLex Libros (Servicio en ln̕ea) 
856 4 0 |u http://vlex.com/source/gobierno-corporativo-de-las-sociedades-cotizadas-en-los-estados-unidos-analisis-critico-y-retos-pendientes-21306  |z Acceso restringido 
942 |c BOOK 
999 0 |a Commercial and Company Law